słówka - Statystyki

Ogólne statystyki
  • Ten quiz został rozwiązany 70 razy
  • Średni wynik to 12 z 26
Statystyki odpowiedzi
Angielski Polski % Poprawnych
surname nazwisko
100%
first name imie
98%
date of birth data urodzenia
87%
fat gruby
85%
male/female mężczyzna/kobieta
84%
gender płeć
84%
tall wysoki
82%
nationality narodowość
80%
short niski
75%
slim szczupły
67%
teeanager nastolatek
66%
married żonaty/zamężna
61%
skinny chudy
59%
well-built dobrze zbudowany
54%
middle-aged w średnim wieku
36%
marital status stan cywilny
34%
personal interests zainteresowania
34%
occupation zawód
18%
plump pulchny
13%
single pnna/kawaler
11%
of medium build średniej budowy ciała
5%
physical appearance wygląd zewnętrzny
2%
early teens nastoletni (11-15)
0%
late teens nastoletni (16-19)
0%
of medium height średniego wzorstu
0%
mid-thirties w wieku ok.35 lat
0%
Nie znaleziono quizów pasujących do podanych kryteriów
Rozkład punktacji
Procent ludzi z każdym wynikiem
Percentyl według liczby udzielonych odpowiedzi
Twoja historia wyników
Nie rozwiązałeś tego quizu